Geografía sudamericana - Estadísticas

Estadísticas generales
  • Esta prueba ha sido intentada 6.063 veces
  • La puntuación promedio es 14 de 20
Estadísticas de respuestas
Pregunta Respuesta % Correcto
¿Cuál es el río más largo de Sudamérica? Amazonas
97%
¿Cuál es la cordillera más larga de Sudamérica? Andes
97%
¿Cuáles son las lenguas más habladas en Sudamérica? Español
93%
¿Cuáles son las dos capitales ubicadas en el Río de la Plata? Buenos Aires
91%
¿Cuáles son las lenguas más habladas en Sudamérica? Portugués
88%
¿Cuáles son las dos capitales de Bolivia? La Paz
85%
¿Cuáles son las dos capitales ubicadas en el Río de la Plata? Montevideo
83%
¿Cuáles son las islas que se llaman Falkland Islands por los británicos? Islas Malvinas
79%
¿Cuáles son las dos capitales de Bolivia? Sucre
76%
¿Cuál archipiélago está ubicado en el extremo austral de Sudamérica? Tierra del {Fuego}
75%
¿Cuál es la segunda ciudad más poblada de Colombia? Medellín
73%
¿Cómo se llama el antiguo poblado incaico muy popular para el turismo? Machu Picchu
67%
¿Cuál desierto chileno es el lugar más seco del mundo, aparte de los de Antártida? Atacama
64%
¿En cuál ciudad se encuentra el Pan de Azúcar y la playa de Ipanema? Río de Janeiro
64%
¿En una elevación de 3812 metros, cuál es el lago más largo de Sudamérica? Lago {Titicaca}
58%
¿Cuál país posee las islas "ABC" (Aruba, Bonaire, and Curazao)? Países Bajos
57%
¿Cuál cascada venezolana es la más alta del mundo? Salto Ángel
57%
¿Cómo se llama la región de llanura muy fértil en Argentina, Uruguay, y Brasil? Pampas
31%
¿Cuál ciudad en el medio de la selva amazónica solía alojar muchos barones del caucho? Manaos
29%
¿Cuál tipo de fertilizante se extraía de las Islas Chincha de Perú en el siglo XIX? Guano
26%
No se encontraron pruebas coincidentes
Distribución de puntuación
Porcentaje de gente con cada puntuación
Porcentaje por número respondido
Historial de tus puntuaciones
No has intentado esta prueba.